000 00386nam a2200157Ia 4500
008 230711s9999||||xx |||||||||||||| ||und||
041 _aENG
082 _a711.401
_bTI-R
100 _aTiku,Neerja
245 0 _aRepostioning waterfront settlements
250 _a1st Ed.
260 _c2017
_aGhaziabad
_bCopal Publishing Group
300 _a119p.
650 _aArchitecture
942 _cBK
999 _c6051
_d6051